Devinez le Département Mystère #9 - Statistiques

Statistiques générales
  • Ce quiz a été pris 353 fois
  • Le résultat moyen est 26 sur 38
Statistiques - réponses
Type de Réponse Réponse % Correct
Lettre Trouvée E
98%
Lettre de l'Alphabet N
98%
Lettre de l'Alphabet R
98%
Lettre Trouvée A
97%
Lettre de l'Alphabet O
96%
Lettre Trouvée L
95%
Lettre Trouvée I
94%
Lettre de l'Alphabet T
94%
Lettre Trouvée D
91%
Lettre Trouvée S
90%
Lettre de l'Alphabet U
87%
Lettre de l'Alphabet H
83%
Lettre de l'Alphabet V
83%
Lettre de l'Alphabet M
82%
Lettre Trouvée C
79%
Lettre de l'Alphabet G
73%
Lettre Trouvée P
69%
Lettre de l'Alphabet B
68%
Lettre de l'Alphabet Y
66%
Lettre de l'Alphabet F
56%
Lettre de l'Alphabet Q
51%
Lettre de l'Alphabet X
50%
Lettre de l'Alphabet J
49%
Lettre de l'Alphabet Z
49%
Lettre Bien Placée A
47%
Lettre Bien Placée A
47%
Lettre Bien Placée A
47%
Lettre Bien Placée C
47%
Lettre Bien Placée D
47%
Lettre Bien Placée E
47%
Lettre Bien Placée I
47%
Lettre de l'Alphabet K
47%
Lettre Bien Placée L
47%
Lettre Bien Placée P
47%
Département Mystère Pas-de-Calais
47%
Lettre Bien Placée S
47%
Lettre Bien Placée S
47%
Lettre de l'Alphabet W
47%
Aucun quiz correspondant
Distribution des résultats
% des personnes avec chaque résultat
Percentile par nombre de réponses
Votre historique - résultats
Vous n’avez pas pris ce quiz